Jobs by Product #2 - Statistics

General Stats
  • This quiz has been taken 8 times
  • The average score is 4 of 20
Answer Stats
Job Produict % Correct
Confectioner Candy
75%
Nanny Children
75%
Caddie Golf Clubs
75%
Chauffeur Vehicles
75%
Dispatcher Emergency Calls
25%
Bellman Luggage
25%
Cartwright Wagons
25%
Grazier Cattle
13%
Costermonger Fruits/Veggies
13%
Hostler Pack Animals
13%
Boucher Animals Hide
0%
Girdler Belts
0%
Brazier Brass
0%
Bodger Chair Legs
0%
Almoner Charity
0%
Ammonshorn Fossils
0%
Attar Perfume
0%
Lector Religious Text
0%
Husbandman Soil
0%
Luthier Violins
0%
No matching quizzes found
Score Distribution
Percent of People with Each Score
Percentile by Number Answered
Your Score History
You have not taken this quiz